| 000 | 00802 a2200253 4500 | ||
|---|---|---|---|
| 003 | OSt | ||
| 005 | 20180116192354.0 | ||
| 008 | 120601t xxu||||| |||| 00| 0 eng d | ||
| 010 | _a 2006931532 | ||
| 020 | _a9780495094913 | ||
| 020 | _a0495094919 (pbk.) | ||
| 035 | _a(CStRLIN)TXHA07-B430 | ||
| 040 | _c0 | ||
| 082 | _a741.2 | ||
| 100 | 1 |
_aSale, Teel. _93249 |
|
| 245 | 1 | 0 |
_aDrawing : _ba contemporary approach / _cTeel Sale, Claudia Betti. |
| 250 | _a6th ed. | ||
| 260 |
_aAustralia ; _aUnited States : _bThomson/Wadsworth, _cc2008 (2007 printing) |
||
| 300 |
_axv, 318 p. : _bill. (some col.) ; _c28 cm. |
||
| 650 | 1 | 0 |
_aDrawing _xTechnique. _93250 |
| 700 | 1 |
_aBetti, Claudia. _93251 |
|
| 942 |
_aSADA _cBK _k741.2 SAL 2008 _2ddc |
||
| 999 |
_c353041 _d353041 |
||